000 00566ntaaa2200181 4500
003 01
005 20251027202832.0
008 0714s1973 ag 01
040 _aAR-BaBN
_bspa
_cAR-BaBN
_eaacr
_dRIC
082 _a268.6100
245 _aAdolescencia en la iglesia
250 _a1 ed.
260 _aBuenos Aires :
_bImprenta Metodista,
_c1956
300 _a46 p
500 _aSelecciones de la revbista "Educación cristiana" por varios autores.Ej. 2 (7935) libro retirado definitivamente de la biblioteca 2/77
650 _aeducación religiosa
_94601
942 _cBK
999 _c23751
_d23751